| 000 | 01076nam a22002417a 4500 | ||
|---|---|---|---|
| 003 | SISC | ||
| 005 | 20180201112445.0 | ||
| 008 | 180201b xxu||||| |||| 00| 0 eng d | ||
| 050 | _aHF 5635 .F56 | ||
| 100 | _aFlorendo, Joselito G. | ||
| 245 |
_aFundamentals of accountancy, business, and management 2: _bspecialized subject academic-ABM / _cJoselito G. Florendo, Carlsberg S. Andres, Christopher B. Honorario, Reymond Patrick P. Monfero, Dani Rose C. Salazar. |
||
| 260 |
_aQuezon City: _bCommission on Higher Education, _cc2016. |
||
| 300 |
_a184 pages: _billustrations; _c28 cm. |
||
| 440 | _aTeaching guide for senior high school | ||
| 500 | _aThis teaching guide by the Commission on Higher Education is licensed under a Creative Commons Attribution-NonCommercial-ShareAlike 4.0 International License. | ||
| 650 |
_2Library of Congress Subject Headings _aAccounting |
||
| 700 | _aAndres, Carlsberg S. | ||
| 700 | _aHonorario, Christopher B. | ||
| 700 | _aMonfero, Reymond Patrick P. | ||
| 700 | _aSalazar, Dani Rose C. | ||
| 942 |
_2lcc _cBK |
||
| 999 |
_c354640 _d354640 |
||